000 00323nam a22001457a 4500
008 210527b ||||| |||| 00| 0 eng d
020 _a9780813117980
041 _aeng
080 _a32
082 _a32
100 _a21
101 _aPOL
245 _aRacial Politics and Urban Planning
_cCatlin,R.A
942 _2udc
_cBK
999 _c57749
_d57749